000 00892nam a22002057a 4500
005 20240422120333.0
010 _aHIN-127413
020 _c400.00
_a9788189214111
035 _aHN-99759
037 _bDBAD
082 _a920
100 _aभोला, रचना
_964984
245 _aहमारे प्रेरणा स्रोत/
_cरचना भोला
260 _a दिल्ली
_bपीयूष पब्लिशर्सएंड डिस्ट्रीब्यूटरस
_c2017
270 _aडब्लू ए-173 दुकाननंबर-1 हनुमान मंदिर मार्ग शकूरपुर
_bन्यू दिल्ली
_e110092
300 _a128पृ.
_c22 सेमी.(साजिल्द)
650 _aहिन्दी
_964985
700 _964809
942 _2ddc
_cHN
_h920
_mभोलार
999 _c202315
_d202315